| 000 | 00521nam a2200193 a 4500 | ||
|---|---|---|---|
| 005 | 20210219153452.0 | ||
| 008 | 991125n 000 0 eng u | ||
| 035 | _aUPN01000101652 | ||
| 100 | _aClift, Renee T. | ||
| 222 | _aTEACHER EDUCATOR | ||
| 245 | _aTeacher education and teaching : empowerment for whom? when? | ||
| 300 | _a14-23 | ||
| 362 | _a1991 27, no. 1 | ||
| 653 | 0 | _aCAMBIO EDUCATIVO | |
| 653 | 0 | _aDESARROLLO DE LA FACULTAD | |
| 653 | 0 | _aTENER DECISION | |
| 904 |
_aAC _b039463 |
||
| 905 | _aArticulo | ||
| 999 |
_c77691 _d77691 |
||